00242nam a2200097 a 4500008004100000050001500041100001700056245003600073246002600109350000900135120416s9999 xx |||||||||||||| || u aTX 960 Urb aBasile, Anne10aUrban public housing management athe French experience a0.00